000 00244nam a22001217a 4500
041 _aENG
100 _aSingh .V.P
245 _aTheory of Machines
260 _aPune
_bDhanpat rai & Co
_c1999
300 _a928
650 _aFMP
856 _uFMP
999 _c525
_d525